| 000 | 01418 a2200373 4500 | ||
|---|---|---|---|
| 001 | 200131051 | ||
| 003 | TR-AnTOB | ||
| 005 | 20240805144733.0 | ||
| 008 | 131218s2013 tu 001 0 | ||
| 020 | _a9786051067346 | ||
| 040 |
_aDLC _btur _dTR-AnTOB _erda _cDLC |
||
| 041 | 1 |
_atur _heng |
|
| 050 | 0 | 0 |
_aGN281 _b.D5319 2013 |
| 090 | _aGN281 .D5319 2013 | ||
| 100 | 1 |
_aDiamond, Jared M. _948542 |
|
| 245 | 1 | 0 |
_aÜçüncü şempanze = The third chimpanzee : _binsan türünün evrimi ve geleceği = the evolution and future of the human animal / _cJared Diamond, çeviren ; Çağatay Tarhan. |
| 246 | 1 | _aThe third chimpanzee the evolution and future of the human animal. | |
| 264 | 1 |
_aİstanbul: _bAlfa Bilim, _c2013 |
|
| 300 |
_a483 sayfa; _c21 cm. |
||
| 336 |
_atext _2rdacontent |
||
| 337 |
_aunmediated _2rdamedia |
||
| 338 |
_avolume _2rdacarrier |
||
| 504 | _aDizin vardır. | ||
| 505 | _aI.Büyük memelilerin sıradan bir türü -- II.Tuhaf hayat döngüsüne sahip bir hayvan -- III.Eşsiz insan -- IV.Dünya fatihleri -- V.İlerlemeyi bir gecede geri çevirmek. | ||
| 650 | 0 |
_aNature _xEffect of human beings on _984008 |
|
| 650 | 7 |
_aDoğa _xİnsan etkisi _2etuturkob _99408 |
|
| 650 | 0 |
_aSosyal evrim _911105 |
|
| 650 | 0 |
_aSocial evolution _918211 |
|
| 650 | 0 |
_aHuman evolution _935535 |
|
| 650 | 0 |
_aİnsan evrimi _97813 |
|
| 700 | 1 |
_aTarhan, Çağatay _994779 |
|
| 942 |
_cBK _2lcc |
||
| 999 |
_c200131051 _d30066 |
||